000 01022cam a22003014a 4500
001 13901039
005 20180215033645.0
008 050316s2006 njua b 001 0 eng
010 _a 2005045931
020 _a0131851292 (alk. paper)
020 _a9780131851290 (alk. paper)
035 _a(OCoLC)ocm58546155
035 _a(OCoLC)58546155
040 _aDLC
_cDLC
_dBAKER
_dC#P
_dBTCTA
_dYDXCP
_dDLC
041 _aeng
042 _apcc
043 _an-us---
080 _a657.83500973 FRE
082 0 0 _a657.83500973 FRE
_222
100 1 _a62
101 _aAUD
245 1 0 _aGovernmental and nonprofit accounting :
_cRobert J. Freeman, Craig D. Shoulders, Gregory S. Allison.
246 3 _aGovernmental and non profit accounting
504 _aIncludes bibliographical references and index.
906 _a7
_bcbc
_corignew
_d1
_eocip
_f20
_gy-gencatlg
942 _2ddc
_cBK
999 _c42575
_d42575